00622nam a22001817a 450000500170000001000140001702000260003103500130005703700130007008200140008310000210009724501070011825000130022526000470023827001020028530000340038750000190042120100730140749.0 aENG-97170 a9788175348530c495.00 aEN-80703 bDBAD/PUB a346.73029 aParameswaran, S. aLaw relating to power of attorney:bwith 125 specimen forms of power of attorney /cby S. Parameswaran a4th. ed. aNew DelhibUniversal Law Publishing c2010 aC-FF-!A, Dikhush Industrial Estate, (Near Azadpur Metro Station) G. T. Karnal RoadbDelhie110033 alix, 428p.c25cm (Hb)eCD-ROM aIncludes index